Statistiques concernant Personnages de fiction en images - B

Cliquez ici pour prendre le quiz!

Statistiques générales

  • Ce quiz a été pris 76 573 fois
  • Le résultat moyen est 15 sur 20

Statistiques - réponses

Réponse% Correct
Batman
99%
Bob l'Éponge
99%
Barbie
98%
Bambi
97%
Bart Simpson
97%
Blanche-Neige
96%
Buzz L'Éclair
95%
Brice de Nice
90%
Bugs Bunny
87%
Baloo
84%
Bowser
83%
Belle
80%
Boule
79%
Bulbizarre
67%
Bella Swan
60%
Betty Boop
60%
Bilbon Sacquet
50%
Bécassine
42%
Boba Fett
41%
Buffy Summers
41%

Distribution des résultats

Percentile par nombre de réponses

% des personnes avec chaque résultat

Votre développement - résultats

Vous n’avez pas pris ce quiz